Poézia slovenských romantikov

Bibliographic Details
Main Author: Kraus, Cyril, 1928-2012 (Author)
Format: Article
Language:Slovak
ISBN:8022204994
Subjects:

MARC

LEADER 00000naa a2200000 ar4500
001 vtls009335523
003 SK-MaSNL
005 20260302141542.0
008 080918c2001 xo |r|p|||||||000 b|slo
015 |a SNBRA2008/09  |2 snkbucl 
038 |a SNKBUCL 
040 |a SNKBUCL  |b slo  |c SNKBUCL  |e AACR2 
041 0 |a slo 
044 |a xo  |c SK 
080 |a 82(091):821.162.4"18"  |2 2001 
080 |a 821.162.4  |x (091)  |x "18"  |2 2001 
080 |a 82.02:821.162.4-1  |2 2001 
080 |a 821.162.4-1.09  |2 2001 
080 |a 82.09:821.162.4-1  |2 2001 
080 |a 821.162.4-1.02  |2 2001 
100 1 |a Kraus, Cyril,  |d 1928-2012  |4 aut  |9 14532 
245 1 0 |a Poézia slovenských romantikov  |c Cyril Kraus 
648 7 |a 19. stor.  |2 snkbucl  |9 278793 
650 0 7 |a slovenská poézia  |2 snkbucl  |9 215422 
650 0 7 |a romantizmus (literatúra)  |2 snkbucl  |9 1679 
655 7 |a štúdie  |2 snkbucl  |9 57033 
655 7 |a úvody  |2 snkbucl  |9 770531 
773 0 |t Slovenskí romantici : poézia  |d Bratislava : Slovenský Tatran, 2001  |g S. 5-14  |z 8022204994 
852 |a SNK  |b KIS3GCP 
958 |a LX 
958 |a SK 
958 |a PBCK2008 
999 |c 1336088  |d 1338018